000 00409nam a2200181Ia 4500
001 17945
005 20260306171554.0
008 260306s9999||||xx |||||||||||||| ||und||
041 _aESP
082 _a658.3
_bH18 V. 1
100 _aHall, Michael
_eAUT
245 0 _aMeta coaching
260 _c2010
300 _a325 páginas :
_c23 cm.
650 _aGEN
654 _aCAN
942 _cLIB
_dJUS
_fJUS
_2ddc
_n
999 _c17945
_d17945